| 000 | 00510nam a2200181Ia 4500 | ||
|---|---|---|---|
| 003 | LDD | ||
| 008 | 181101s9999 xx 000 0 und d | ||
| 020 |
_a9789350735336 _c300.00 |
||
| 040 | _cLDD | ||
| 100 | _aInayati, Salim | ||
| 245 | 0 |
_aTazkira-e-shora-e-kanpur _cSalim Inayati |
|
| 260 |
_aDelhi _bEducational Publishing House _c2015 |
||
| 300 | _a346p. | ||
| 901 |
_a15920 _b17-03-2017 |
||
| 902 |
_a2840 _b17-03-2017 _cF _dPIBD _e8U |
||
| 903 |
_a20 _bReqst by : Mohd Akbar |
||
| 942 |
_2ddc _cUR |
||
| 999 |
_c175 _d175 |
||